Renewal theoretic approach for availability analysis of a repairable system using arbitrary distributions (Record no. 357129)

MARC details
000 -LEADER
fixed length control field 00544nam a2200193 4500
005 - DATE & TIME
control field 20240925124308.0
008 - FIXED-LENGTH DATA ELEMENTS--GENERAL INFORMATION
fixed length control field 240925b |||||||| |||| 00| 0 eng d
020 ## - ISBN
International Standard Book Number X
Price [n.p.]
040 ## - CATALOGING SOURCE
Original cataloging agency VIVEKANANDA LIBRARY
082 ## - DDC NUMBER
Classification number 519.5
Book Number R188R
100 ## - MAIN ENTRY--PERSONAL NAME
Personal name Rathi, Puran
245 ## - TITLE STATEMENT
Title Renewal theoretic approach for availability analysis of a repairable system using arbitrary distributions
260 ## - PUBLICATION, DISTRIBUTION, ETC. (IMPRINT)
Name of publisher, distributor, etc Dept. of Statistics, M D University, Rohtak
Date of publication, distribution, etc 2019
300 ## - PHYSICAL DESCRIPTION
Pages v.
650 ## - Subject
Subject Statistics
700 ## - Added Entry Personal Name
Added Entry Personal Name Malik, S. C.
942 ## - ADDED ENTRY ELEMENTS (KOHA)
Koha item type Thesis
Holdings
Withdrawn status Lost status Source of classification or shelving scheme Damaged status Not for loan Location (home branch) Sublocation or collection (holding branch) Shelving location Date acquired Koha issues (times borrowed) Koha full call number Accession No. Koha date last seen Copy number Koha item type
    Dewey Decimal Classification     VIVEKANANDA LIBRARY VIVEKANANDA LIBRARY Vivekananda Library 25/09/2024   519.5 R188R 410385 25/09/2024 R Thesis
© Designed and Maintained by Vivekananda Library, MDU Rohtak